Multiple Choice City Quiz – Marrakesh - Statistics

General Stats
  • This quiz has been taken 481 times
  • The average score is 5 of 10
Answer Stats
Question Answer % Correct
Which mountain range is visible from Marrakech? Atlas Mountains
86%
Which ethnic group founded Marrakech in 1071? Berbers
64%
Which historic district of Marrakech, home to the Kasbah, is a UNESCO World Heritage site? Medina
62%
Which of these fashion designers owned a house in Marrakech? Yves Saint-Laurent
60%
What is the nickname of Marrakesh? The Red City
55%
What type of market is Marrakech famous for? Souks
52%
Which of these gardens is located in Marrakesh?
44%
Which of these historical sites is NOT in Marrakech? Hassan Tower
40%
Which city has historically been Marrakech's main rival, often alternating with it as the capital of Morocco? Fez
28%
Which French general entered Marrakech in 1912, securing it for the French protectorate? Hubert Lyautey
15%
No matching quizzes found
Score Distribution
Percent of People with Each Score
Percentile by Number Answered
Your Score History
You have not taken this quiz